| 000 | 00000nam 2200000za 4500 |
| 001 | 9.674497 |
| 003 | CaOODSP |
| 005 | 20250124103641 |
| 007 | cr ||||||||||| |
| 008 | 150407|2004||||xxc|||||o f|0| 0 eng d |
| 040 | |aCaOODSP|beng |
| 041 | |aeng |
| 041 | |afre |
| 043 | |an-cn--- |
| 086 | 1 |aT52-4/4-2004-PDF |
| 110 | 1 |aCanada.|bTransport Canada. |bCivil Aviation. |
| 245 | 10|aAviation Occupational Health and Safety on board aircraft |h[electronic resource] |
| 250 | |a[2004 edition]. |
| 260 | |aOttawa - Ontario : |bTransport Canada. |c2004. |
| 300 | |a2p.|bphotographs |
| 500 | |aFrench text follows English text. Incorrect ISBN printed in this publication. |
| 590 | |a06-23|b2006-06-09 |
| 690 | 07|aAviation industry|2gcpds |
| 776 | 0#|tAviation - santé et sécurité au travail à bord des aéronefs |w(CaOODSP)9.665292 |
| 792 | |tAviation - santé et sécurité au travail à bord des aéronefs |efre|w(CaOODSP)9.674498 |
| 794 | |tAviation Occupational Health and Safety on board aircraft.|b[2024 edition].|w(CaOODSP)9.931973 |
| 856 | 40|qPDF|s704 KB|uhttps://publications.gc.ca/collections/Collection/T52-4-4-2004.pdf |